Discriminación violencia y hostigamiento sexual contra las mujeres estudiantes en la Universidad de Costa Rica = Discrimination, Violence and sexual harassment towards women students at the Universidad de Costa Rica /
Se presenta una propuesta de investigación, la cual pretende aportar información para la toma de decisiones sobre prevención y atención de las situaciones de discriminación, violencia y hostigamiento sexual contra estudiantes mujeres. El objetivo general es conocer la incidencia y la prevalencia de...
Guardat en:
| Autor principal: | |
|---|---|
| Autor corporatiu: | |
| Format: | Actes de congresos |
| Matèries: | |
| Etiquetes: |
Afegir etiqueta
Sense etiquetes, Sigues el primer a etiquetar aquest registre!
|
MARC
| LEADER | 00000 a a2200000 04500 | ||
|---|---|---|---|
| 001 | 45121 | ||
| 003 | |||
| 040 | |||
| 100 | |a Mesa Peluffo, Sylvia | ||
| 245 | |a Discriminación violencia y hostigamiento sexual contra las mujeres estudiantes en la Universidad de Costa Rica = |b Discrimination, Violence and sexual harassment towards women students at the Universidad de Costa Rica / |c Sylvia Mesa Peluffo | ||
| 500 | |a sylmepe@yahoo.com | ||
| 520 | |a Se presenta una propuesta de investigación, la cual pretende aportar información para la toma de decisiones sobre prevención y atención de las situaciones de discriminación, violencia y hostigamiento sexual contra estudiantes mujeres. El objetivo general es conocer la incidencia y la prevalencia de la discriminación, la violencia contra las mujeres y el hostigamiento sexual en estudiantes mujeres de la Universidad de Costa Rica. Se plantea una investigación cuantitativa descriptiva, mediante una encuesta autoaplicada dirigida a mujeres estudiantes, con una muestra aleatoria estratificada; la información se analizará utilizando el paquete SPSS. | ||
| 590 | |a AMB/MAYO2014 | ||
| 650 | |a MUJERES | ||
| 650 | |a DERECHOS DE LA MUJER | ||
| 650 | |a DISCRIMINACION BASADA EN EL GENERO | ||
| 650 | |a VIOLENCIA CONTRA LAS MUJERES | ||
| 650 | |a HOSTIGAMIENTO SEXUAL | ||
| 650 | |a UNIVERSIDAD DE COSTA RICA | ||
| 650 | |a COSTA RICA | ||
| 711 | |a Jornadas de Investigación Interdisciplinarias en Ciencias Sociales | ||
| 711 | |d 2011 30 de agosto-02 de setiembre : | ||
| 711 | |c San José, Costa Rica | ||
| 773 | |g Número Especial (2011), páginas 231-238: tablas, gráficos | ||
| 999 | |c 24101 |d 24101 | ||
